000 00735nam a2200253Ia 4500
003 OSt
005 20220928123731.0
006 a|||||r|||| 00| 0
007 ta
008 220927b |||||||| |||| 00| 0 eng d
020 _c650
024 _a107382
037 _b09, 29/01/2010, Sunrise Books
_cTextual
040 _aSDCL
_cSDCL
_beng
041 _2eng
_aeng
082 _aY15.43'P, Q0
100 _aBanerjee Paula
_9387412
245 0 _aBorders, histories, existences
_b Gender and beynond.
260 _aNew Delhi
_bSage
_c2010
300 _axlii,253p
_ccm.
650 _aPolitical Science
942 _hY15.43'P, Q0
_cTEXL
_2CC
999 _c774398
_d774398